000 00378nam a2200169Ia 4500
003 OSt
008 191201s2011 xx 000 0 und d
020 _a9780070701946
082 _a005.72 POC
100 _aPOWELL,Thomas A
245 0 _aComplete Reference HTML & CSS
250 _aRep
260 _aNew Delhi
_bTMH
_c2011
300 _a832
650 _aMCA
942 _2ddc
_cBK
999 _c4719
_d4719